Otázky zdokonaľovania sústavy sociálno-ekonomického riadenia odvetvia kultúry v socialistických krajinách zborník vedeckých štúdií

Enregistré dans:
Détails bibliographiques
Autres auteurs: Novotný, Oskar
Format: Livre
Langue:slovaque
Publié: Bratislava Výskumný ústav kultúry [1984]
Tags: Ajouter un tag
Pas de tags, Soyez le premier à ajouter un tag!

MARC

LEADER 00000nam a2200000 4500
001 c104949
005 20181203150249.6
041 0 |a slo 
044 |a SK 
245 1 0 |a Otázky zdokonaľovania sústavy sociálno-ekonomického riadenia odvetvia kultúry v socialistických krajinách  |b zborník vedeckých štúdií  |c Zostavil Oskar Novotný 
264 1 |a Bratislava  |b Výskumný ústav kultúry  |c [1984] 
300 |a 396 s. 
700 1 |a Novotný, Oskar